01272nam a22003014a 4500001001200000003000800012006001900020007001500039008004100054010001700095020002300112040002100135035002100156050002700177082001800204245015900222260005000381300001600431504005100447533015200498610006200650655002900712700004600741700002100787710001700808856012600825999001900951ebr10183519CaPaEBRm u cr cn|||||||||030714s2004 nyu sb 001 0 eng  z 2003055557 z023112256X (cloth) aCaPaEBRcCaPaEBR a(OCoLC)21330520214aBL1285.83b.H37 2004eb04a294.5/51222204aThe Hare Krishna movementh[electronic resource] :bthe postcharismatic fate of a religious transplant /cedited by Edwin F. Bryant and Maria L. Ekstrand. aNew York :bColumbia University Press,c2004. axix, 448 p. aIncludes bibliographical references and index. aElectronic reproduction.bPalo Alto, Calif. :cebrary,d2013.nAvailable via World Wide Web.nAccess may be limited to ebrary affiliated libraries.20aInternational Society for Krishna ConsciousnessxHistory. 7aElectronic books.2local1 aBryant, Edwin F.q(Edwin Francis),d1957-1 aEkstrand, Maria.2 aebrary, Inc.40uhttp://site.ebrary.com/lib/rucke/Doc?id=10183519zAn electronic book accessible through the World Wide Web; click to view c232878d232878